00354nam a2200133Ia 4500008004100000022001400041041001200055082001500067245003600082260004800118440000900166650001500175650003000190240126s9999 xx 000 0 und d a0971-6858 aEnglish aLIBRARY-J5 0aJournal of Human Values (2005 - bIndian Institute of ManagementaLos Angeles aNULL aManagement aValues,(2005,-,Management